Kaamsutra-Parisheelan (Record no. 356640)

MARC details
000 -LEADER
fixed length control field 003320000a22001450004500
005 - DATE AND TIME OF LATEST TRANSACTION
control field 20120302062419.0
040 ## - CATALOGING SOURCE
Original cataloging agency HIN
100 ## - MAIN ENTRY--PERSONAL NAME
Personal name Vachaspati,Gairola
245 ## - TITLE STATEMENT
Title Kaamsutra-Parisheelan
260 ## - PUBLICATION, DISTRIBUTION, ETC. (IMPRINT)
Place of publication, distribution, etc Delhi:Chowkhamba Sanskrut Pratishthan,1995.
300 ## - PHYSICAL DESCRIPTION
Extent 313p.
365 ## - TRADE PRICE
Price amount 200/-
650 ## - SUBJECT ADDED ENTRY--TOPICAL TERM
Topical term or geographic name as entry element Kaamsutra
942 ## - ADDED ENTRY ELEMENTS (KOHA)
Koha item type Book
Holdings
Withdrawn status Lost status Damaged status Not for loan Home library Current library Date acquired Total Checkouts Barcode Date last seen Price effective from
        Institute For Oriental Study, Thane Institute For Oriental Study, Thane 12/02/2009   IOS-17701 12/02/2009 12/02/2009